00335nam a2200133Ia 4500008004100000082001900041100001600060245003100076250000600107260001800113300000800131630003100139730003100170100122s9999 xx 000 0 und d b59809aB823.08 aBLYTON ENID aFIFTH FORMERS OF ST.CLARES a0 bMAMMOTHc1997 a159 aFIFTH FORMERS OF ST.CLARES aFIFTH FORMERS OF ST.CLARES